ბათუმის შოთა რუსთაველის სახელმწიფო უნივერსიტეტის ბიბლიოთეკა

Laboratory guide to the methods in biochemical genetics / (ბიბ.ჩანაწერი № 50420)

000 -LEADER
fixed length control field 02095cam a22004937a 4500
001 - CONTROL NUMBER
control field 15222721
005 - DATE AND TIME OF LATEST TRANSACTION
control field 20200219164628.0
007 - PHYSICAL DESCRIPTION FIXED FIELD--GENERAL INFORMATION
fixed length control field co ugu||||||||
008 - FIXED-LENGTH DATA ELEMENTS--GENERAL INFORMATION
fixed length control field 080318s2008 gw a b 001 0 eng c
010 ## - LIBRARY OF CONGRESS CONTROL NUMBER
LC control number 2008925138
015 ## - NATIONAL BIBLIOGRAPHY NUMBER
National bibliography number GBA823414
Source bnb
016 7# - NATIONAL BIBLIOGRAPHIC AGENCY CONTROL NUMBER
Record control number 101481963
Source DNLM
016 7# - NATIONAL BIBLIOGRAPHIC AGENCY CONTROL NUMBER
Record control number 014531640
Source Uk
020 ## - INTERNATIONAL STANDARD BOOK NUMBER
International Standard Book Number 9783540766971 (alk. paper)
020 ## - INTERNATIONAL STANDARD BOOK NUMBER
International Standard Book Number 3540766979 (alk. paper)
020 ## - INTERNATIONAL STANDARD BOOK NUMBER
International Standard Book Number 9783540766988 (eISBN)
020 ## - INTERNATIONAL STANDARD BOOK NUMBER
International Standard Book Number 3540766987 (eISBN)
035 ## - SYSTEM CONTROL NUMBER
System control number (OCoLC)ocn212432110
040 ## - CATALOGING SOURCE
Original cataloging agency NLM
Transcribing agency NLM
Modifying agency UKM
-- BTCTA
-- BAKER
-- YDXCP
-- OHX
-- DLC
-- IG#
-- DLC
041 ## - LANGUAGE CODE
Language code of text/sound track or separate title eng
042 ## - AUTHENTICATION CODE
Authentication code pcc
050 00 - LIBRARY OF CONGRESS CALL NUMBER
Classification number RC627.8
Item number .L33 2008
060 00 - NATIONAL LIBRARY OF MEDICINE CALL NUMBER
Classification number 2008 J-345
060 10 - NATIONAL LIBRARY OF MEDICINE CALL NUMBER
Classification number WD 205
Item number L123 2008
080 ## - UNIVERSAL DECIMAL CLASSIFICATION NUMBER
Universal Decimal Classification number 579.2(036) B-64
245 00 - TITLE STATEMENT
Title Laboratory guide to the methods in biochemical genetics /
Statement of responsibility, etc. [edited by] Nenad Blau, Marinus Duran, K. Michael Gibson ; foreword by C.R. Scriver.
264 ## - PRODUCTION, PUBLICATION, DISTRIBUTION, MANUFACTURE, AND COPYRIGHT NOTICE
Place of production, publication, distribution, manufacture Berlin :
Name of producer, publisher, distributor, manufacturer Springer,
Date of production, publication, distribution, manufacture, or copyright notice c2008.
300 ## - PHYSICAL DESCRIPTION
Extent xxvi, 860 p. :
Other physical details ill. (some col.) ;
Dimensions 27 +
Accompanying material 1 CD-ROM (4 3/4 in.)
500 ## - GENERAL NOTE
General note LC copy 1 lacking CD-ROM.
Institution to which field applies DLC.
504 ## - BIBLIOGRAPHY, ETC. NOTE
Bibliography, etc. note Includes bibliographical references and index.
538 ## - SYSTEM DETAILS NOTE
System details note System requirements for accompanying CD-ROM: Pentium IV or higher, Microsoft Windows 2000 (SP 4), Windows XP Home, XP Prof. (SP2), Windows Vista Home, Home Premium, Business, Ultimate; Macintosh OS X 10.4 (PPC und Intel); Limux.
650 #0 - SUBJECT ADDED ENTRY--TOPICAL TERM
Topical term or geographic name entry element Metabolism, Inborn errors of
General subdivision Diagnosis
Form subdivision Laboratory manuals.
9 (RLIN) 7169
650 #0 - SUBJECT ADDED ENTRY--TOPICAL TERM
Topical term or geographic name entry element Biochemical genetics
Form subdivision Laboratory manuals.
9 (RLIN) 7170
650 12 - SUBJECT ADDED ENTRY--TOPICAL TERM
Topical term or geographic name entry element Metabolism, Inborn Errors
General subdivision diagnosis
Form subdivision Laboratory Manuals.
9 (RLIN) 7171
650 22 - SUBJECT ADDED ENTRY--TOPICAL TERM
Topical term or geographic name entry element Molecular Biology
General subdivision methods
Form subdivision Laboratory Manuals.
9 (RLIN) 7172
653 ## - INDEX TERM--UNCONTROLLED
keyword ბიოქიმია
653 ## - INDEX TERM--UNCONTROLLED
keyword გენეტიკა
700 1# - ADDED ENTRY--PERSONAL NAME
Personal name Blau, N.
Fuller form of name (Nenad),
Dates associated with a name 1946-
9 (RLIN) 7173
700 1# - ADDED ENTRY--PERSONAL NAME
Personal name Duran, Marinus.
9 (RLIN) 7174
700 1# - ADDED ENTRY--PERSONAL NAME
Personal name Gibson, Kenneth Michael,
Dates associated with a name 1955-
9 (RLIN) 7175
906 ## - LOCAL DATA ELEMENT F, LDF (RLIN)
a 7
b cbc
c pccadap
d 3
e ncip
f 20
g y-gencatlg
942 ## - ADDED ENTRY ELEMENTS (KOHA)
Source of classification or shelving scheme
Koha item type წიგნი
ეგზემპლარები
Withdrawn status Lost status Source of classification or shelving scheme Damaged status Not for loan Permanent Location Current Location Shelving location Date acquired Cost, normal purchase price Full call number Barcode Date last seen Copy number Price effective from Koha item type Public note
          ბათუმის შოთა რუსთაველის სახელმწიფო უნივერსიტეტის მთავარი ბიბლიოთეკა ბათუმის შოთა რუსთაველის სახელმწიფო უნივერსიტეტის მთავარი ბიბლიოთეკა წიგნსაცავი 2018-12-17 450.00 579.2(036) B-64 664 2018-12-17 664 2018-12-17 წიგნი 450 ლ.